| 000 | 00322 a2200133 4500 | ||
|---|---|---|---|
| 001 | 63703 | ||
| 082 | _a006.721RAO | ||
| 090 |
_c37694 _d37694 |
||
| 100 | _aRao,K.R | ||
| 245 | _aMultiedia Communication System:Techniques, Standards and Networks | ||
| 250 | _a1 | ||
| 260 | _bPearson Education | ||
| 300 | _axxvi,544p. | ||
| 942 |
_aNUST-CAE _k006.721RAO |
||
| 999 |
_c298776 _d298776 |
||